000 00764nam a22001935i 4500
001 166172
003 ES-MaACL
005 20250723061853.0
008 050908s1872 fr | |||||||| ||fre d
100 1 _aTerrat, Barthélemy.
_9133186
245 1 0 _aDu colonat en droit romain, des retraits en droit français
_b: thèse pour le doctorat pésentée et soutenue le 19 juin 1872 /
_cpar Barthélemy Terrat.
260 _aVersailles :
_bBeau,
_c1872.
300 _a286 p. ;
_c24 cm.
594 _aPrecede al tít.: Faculté de Droit de Paris.
650 0 7 _aDerecho romano
_2embne
_911764
710 2 _aUniversité de Paris.
_bFaculté de Droit.
_97484
852 _aES-MaACL
_jG-11440
_z- Enc. hol., conservando cub. original
999 _c166172
_d166172